Prejavy a dôsledky rozdelenej vlády v Spojených štátoch amerických bakalárska práca

Salvato in:
Dettagli Bibliografici
Autore principale: Tyleš, Martin
Ente Autore: Fakulta medzinárodných vzťahov EU. Katedra medzinárodných politických vzťahov
Altri autori: Futó, Gilbert
Natura: Libro
Lingua:slovacco
Pubblicazione: Bratislava 2018
Tags: Aggiungi Tag
Nessun Tag, puoi essere il primo ad aggiungerne!!

MARC

LEADER 00000nbm a2200000 4500
001 0244526
005 20180802081658.8
041 0 |a slo 
044 |a SK 
245 1 0 |a Prejavy a dôsledky rozdelenej vlády v Spojených štátoch amerických  |b bakalárska práca  |c Martin Tyleš ; školiteľ: Gilbert Futó 
264 1 |a Bratislava  |c 2018 
300 |a 48 s. 
100 1 |a Tyleš, Martin 
700 1 |a Futó, Gilbert 
710 2 |a Fakulta medzinárodných vzťahov EU. Katedra medzinárodných politických vzťahov